<?xml version="1.0" encoding="UTF-8"?>
<record
    xmlns:xsi="http://www.w3.org/2001/XMLSchema-instance"
    xsi:schemaLocation="http://www.loc.gov/MARC21/slim http://www.loc.gov/standards/marcxml/schema/MARC21slim.xsd"
    xmlns="http://www.loc.gov/MARC21/slim">

  <leader>03535cam a22003498i 4500</leader>
  <controlfield tag="001">21490745</controlfield>
  <controlfield tag="003">EG-ScBUE</controlfield>
  <controlfield tag="005">20250512111321.0</controlfield>
  <controlfield tag="008">200330s2020    flu    f b    001 0 eng d</controlfield>
  <datafield tag="020" ind1=" " ind2=" ">
    <subfield code="a">9780367513764</subfield>
  </datafield>
  <datafield tag="040" ind1=" " ind2=" ">
    <subfield code="a">LBSOR/DLC</subfield>
    <subfield code="b">eng</subfield>
    <subfield code="e">rda</subfield>
    <subfield code="c">LBSOR</subfield>
    <subfield code="d">DLC</subfield>
    <subfield code="d">EG-ScBUE</subfield>
  </datafield>
  <datafield tag="082" ind1="0" ind2="4">
    <subfield code="a">794.8</subfield>
    <subfield code="2">22</subfield>
    <subfield code="b">DIG</subfield>
  </datafield>
  <datafield tag="245" ind1="0" ind2="4">
    <subfield code="a">The digital gaming handbook /</subfield>
    <subfield code="c">edited by Roberto Dillon.</subfield>
  </datafield>
  <datafield tag="250" ind1=" " ind2=" ">
    <subfield code="a">First edition.</subfield>
  </datafield>
  <datafield tag="264" ind1=" " ind2="1">
    <subfield code="a">Boca Raton :</subfield>
    <subfield code="b">CRC Press,</subfield>
    <subfield code="c">2020.</subfield>
  </datafield>
  <datafield tag="300" ind1=" " ind2=" ">
    <subfield code="a">xvii, 407 pages :</subfield>
    <subfield code="b">illustrations ;</subfield>
    <subfield code="c">24 cm</subfield>
  </datafield>
  <datafield tag="336" ind1=" " ind2=" ">
    <subfield code="a">text</subfield>
    <subfield code="b">txt</subfield>
    <subfield code="2">rdacontent</subfield>
  </datafield>
  <datafield tag="337" ind1=" " ind2=" ">
    <subfield code="a">unmediated</subfield>
    <subfield code="b">n</subfield>
    <subfield code="2">rdamedia</subfield>
  </datafield>
  <datafield tag="338" ind1=" " ind2=" ">
    <subfield code="a">volume</subfield>
    <subfield code="b">nc</subfield>
    <subfield code="2">rdacarrier</subfield>
  </datafield>
  <datafield tag="504" ind1=" " ind2=" ">
    <subfield code="a">Includes bibliographical references and index.</subfield>
  </datafield>
  <datafield tag="505" ind1="0" ind2=" ">
    <subfield code="a">Analyzing games with the AGE and 6-11 frameworks / Roberto Dillon -- Designing player interdependence to enhance players' social experience in multiplayer games / Katharina Emmerich -- Game accessibility : getting started / Thomas Westin, Ian Hamilton, Barrie Ellis -- Gamification for good : addressing dark patterns in gamified UX design / Ole Goethe -- The social media game : how gamification shapes our social media engagement / Dayana Hristova, Barbara Goebl, Suzana Jovicic, Thomas Slunecko -- Games for health / Andres Adolfo Navarro-Newball -- F2P mobile game design fundamentals / Simon Rozner -- Evergreen game design principles / Roberto Dillon -- Architectural spaces and level design in modern games / Christopher Totten -- Encouraging and rewarding repeat play of storygames / Alex Mitchell -- How we make mobile work : an indie perspective / James Barnard -- The development and UI design of an interactive game map / Tomasz Zawadzki, Slawomir Nikiel, Korneliusz Warszawski, Slawomir Krezel -- Challenges in designing and implementing a vector based 2D animation system / Jiang Jie, Seah Hock Soon, Liew Hong Ze, Chen Quan -- Best practices in pixel art / Cindy Lee -- Making sound decisions in game audio / Gwen Guo -- Making it real / Justing Ng, Andre' Pong -- Player locomotion in virtual reality games / Andrey Krekhov, Katharina Emmerich -- Working everywhere and nowhere : rules for a virtual office / Allan Simonsen -- A short summary of mobile games' history / Simon Rozner -- Retrogaming as a form of digital preservation : a cultural and technological approach / Marco Accordi Rickards, Micaela Romanini, Guglielmo De Gregori -- Diversity in games : how and why? / Alayna Cole.</subfield>
  </datafield>
  <datafield tag="520" ind1=" " ind2=" ">
    <subfield code="a">"Covers state-of-the-art in video and digital game research and development from traditional to emerging elements of gaming across multiple disciplines. Chapters will be presented with applicability across all gaming platforms over a broad range of topics from game content creation through game play at a level accessible for the professional game developer while being deep enough to provide a valuable reference of the state-of-the-art research in this field. Key Selling Points: International experts share their research and experience in game development and design Provided readers with Inside perspectives on the cross-disciplinary aspects of the industry Includes retrospective as well as forward looking examinations of gaming"--</subfield>
    <subfield code="c">Provided by publisher.</subfield>
  </datafield>
  <datafield tag="650" ind1=" " ind2="7">
    <subfield code="a">Video games.</subfield>
    <subfield code="2">BUEsh</subfield>
  </datafield>
  <datafield tag="650" ind1=" " ind2="7">
    <subfield code="a">Video games</subfield>
    <subfield code="x">Design.</subfield>
    <subfield code="2">BUEsh</subfield>
  </datafield>
  <datafield tag="650" ind1=" " ind2="7">
    <subfield code="a">Video games</subfield>
    <subfield code="x">Social aspects.</subfield>
    <subfield code="2">BUEsh</subfield>
  </datafield>
  <datafield tag="653" ind1=" " ind2=" ">
    <subfield code="c">May2025</subfield>
    <subfield code="b">ART</subfield>
  </datafield>
  <datafield tag="655" ind1=" " ind2=" ">
    <subfield code="v">Reading book</subfield>
  </datafield>
  <datafield tag="700" ind1="1" ind2=" ">
    <subfield code="a">Dillon, Roberto,</subfield>
    <subfield code="e">editor.</subfield>
  </datafield>
  <datafield tag="906" ind1=" " ind2=" ">
    <subfield code="a">7</subfield>
    <subfield code="b">cbc</subfield>
    <subfield code="c">orignew</subfield>
    <subfield code="d">1</subfield>
    <subfield code="e">ecip</subfield>
    <subfield code="f">20</subfield>
    <subfield code="g">y-gencatlg</subfield>
  </datafield>
  <datafield tag="942" ind1=" " ind2=" ">
    <subfield code="2">ddc</subfield>
    <subfield code="c">BB</subfield>
  </datafield>
  <datafield tag="999" ind1=" " ind2=" ">
    <subfield code="c">30971</subfield>
    <subfield code="d">30942</subfield>
  </datafield>
  <datafield tag="952" ind1=" " ind2=" ">
    <subfield code="0">0</subfield>
    <subfield code="1">0</subfield>
    <subfield code="2">ddc</subfield>
    <subfield code="4">0</subfield>
    <subfield code="7">0</subfield>
    <subfield code="8">Baccah</subfield>
    <subfield code="a">MAIN</subfield>
    <subfield code="b">MAIN</subfield>
    <subfield code="c">2ND</subfield>
    <subfield code="d">2025-05-12</subfield>
    <subfield code="e">Purchase</subfield>
    <subfield code="g">5499.00</subfield>
    <subfield code="h">39223</subfield>
    <subfield code="l">1</subfield>
    <subfield code="o">794.8 DIG</subfield>
    <subfield code="p">000057332</subfield>
    <subfield code="r">2025-07-15 00:00:00</subfield>
    <subfield code="s">2025-06-29</subfield>
    <subfield code="v">6873.75</subfield>
    <subfield code="w">2025-05-12</subfield>
    <subfield code="y">BB</subfield>
  </datafield>
</record>
